Central Library OPAC University of Rajshahi

বাংলাদেশ ক্ষুদ্র ও কুটির শিল্প সংস্থা এবং বাংলাদেশে ক্ষুদ্র ও কুটির শিল্পের বিকাশ / (Record no. 60282)

MARC details
000 -LEADER
fixed length control field 01453nam a2200265 a 4500
001 - CONTROL NUMBER
control field 60282
003 - CONTROL NUMBER IDENTIFIER
rucl marc code BD-RjUL
005 - DATE AND TIME OF LATEST TRANSACTION
control field 20211209080824.0
008 - FIXED-LENGTH DATA ELEMENTS--GENERAL INFORMATION
fixed length control field 161229s1983 bg ||||| |||| 00| 0 ben d
035 ## - SYSTEM CONTROL NUMBER
System control number (BD-RjUL)60406
040 ## - CATALOGING SOURCE
Original cataloging agency BD-RjUL
Language of cataloging ben
Transcribing agency BD-RjUL
041 ## - LANGUAGE CODE
Language code of text/sound track or separate title ben
082 ## - DEWEY DECIMAL CLASSIFICATION NUMBER
Edition number 23
Classification number 338.6345492
Author mark and year ABB 1982
100 ## - MAIN ENTRY--PERSONAL NAME
Personal name আবদুল্লাহ, মতিউর রসুল মোহাম্মদ
9 (RLIN) 179408
245 10 - TITLE STATEMENT
Title বাংলাদেশ ক্ষুদ্র ও কুটির শিল্প সংস্থা এবং বাংলাদেশে ক্ষুদ্র ও কুটির শিল্পের বিকাশ /
Statement of responsibility, etc. মতিউর রসুল মোহাম্মদ আবদুল্লাহ ....[অন্যান্য]
250 ## - EDITION STATEMENT
Edition statement ১ম সং.
260 ## - PUBLICATION, DISTRIBUTION, ETC. (IMPRINT)
Place of publication, distribution, etc. ঢাকা :
Name of publisher, distributor, etc. বাংলাদেশ ক্ষুদ্র ও কুটির শিল্প সংস্থা,
Date of publication, distribution, etc. ১৯৮২
300 ## - PHYSICAL DESCRIPTION
Pagination ১৩৮ পৃ. :
Illustrations চিত্র ;
Size ১৯ সেমি.
650 ## - SUBJECT ADDED ENTRY--TOPICAL TERM
Topical term or geographic name as entry element কুটির শিল্প
Geographic subdivision বাংলাদেশ
9 (RLIN) 179409
Topical term or geographic name as entry element Cottage Industry
Geographic subdivision Bangladesh
9 (RLIN) 179410
700 ## - ADDED ENTRY--PERSONAL NAME
Personal name পাল, মনোরমা
Personal name সালেকিন, সিরাজুস
Personal name আবদুল্লাহ, মতিউর রসুল মোহাম্মদ, সম্পাদক
942 ## - ADDED ENTRY ELEMENTS (KOHA)
Source of classification or shelving scheme Dewey Decimal Classification
Koha item type Books
Holdings
Lost status Source of classification or shelving scheme Damaged status Not for loan Collection code Permanent Location Current Location Shelving location Date acquired Source of acquisition Total Checkouts Full call number Date last seen Copy number Koha item type
  Dewey Decimal Classification   Not For Loan Non-fiction Central Library, University of Rajshahi Central Library, University of Rajshahi Reading Room 09/03/1983 RUCL   B 338.6345492 ABB 1982 29/12/2016 C-1 Books